Modele pojazdów produkowane przez Solaris Bus & Coach - Statystyki

Ogólne statystyki
  • Ten quiz został rozwiązany 127 razy
  • Średni wynik to 16 z 49
Statystyki odpowiedzi
Lata produkcji Model % Poprawnych
1999- Solaris Urbino 12
94%
1999- Solaris Urbino 18
94%
2000-2018 Solaris Urbino 15
77%
2002-2018 Solaris Urbino 10
69%
2000-2002 Solaris Urbino 9
69%
2013- Solaris Urbino 12 electric
56%
2014- Solaris Urbino 18 electric
56%
2009-2018 Solaris Tramino
50%
2001- Solaris Trollino 12
48%
2002- Solaris Trollino 18
48%
2006- Solaris Urbino 18 hybrid
46%
2010- Solaris Urbino 12 hybrid
44%
2019- Solaris Trollino 24
42%
2019- Solaris Urbino 12 hydrogen
42%
2003-2018 Solaris Trollino 15
38%
2005- Solaris Urbino 12 CNG
38%
2008-2021 Solaris Urbino 8,9 LE
38%
2006- Solaris Urbino 18 CNG
35%
2022- Solaris Urbino 18 hydrogen
35%
2007-2018 Solaris Alpino 8,6
31%
2017- Solaris Urbino 10,5
31%
2004- Solaris Urbino 12 LE
29%
2020- Solaris Urbino 12 mild hybrid
29%
2013-2018 Solaris Urbino 18,75
29%
2009- Solaris InterUrbino 12
27%
2004-2018 Solaris Urbino 15 CNG
27%
2008-2018 Solaris Urbino 15 LE
25%
2020- Solaris Urbino 18 mild hybrid
25%
2002-2007 Solaris Valletta
25%
2021- Solaris Urbino 9 LE electric
23%
2021- Solaris Urbino 9 LE electric
23%
2013-2018 Solaris Urbino 12,9
21%
2011-2021 Solaris Urbino 8,9 LE electric
19%
2020- Solaris Urbino 18 plug-in hybrid
17%
2002-2010 Solaris Vacanza 12
17%
2004-2010 Solaris Vacanza 13
17%
2007-2008 Bombardier NGT6/2
15%
2009- Škoda 26Tr Solaris
15%
2009-2018 Škoda 27Tr Solaris
15%
2009- Škoda 28Tr Solaris
15%
2012- Solaris Trollino 18 MetroStyle
15%
2012- Solaris InterUrbino 12,8
13%
2022- Solaris Trollino 24 MetroStyle
13%
2013-2018 Solaris Urbino 12,9 hybrid
13%
2020- Solaris Urbino 15 LE electric
13%
2007-2018 Solaris Urbino 12 LE CNG
10%
2022- Solaris Urbino 24 electric MetroStyle
10%
2008-2018 Solaris Urbino 15 LE CNG
8%
2014- Solaris Urbino 18,75 electric
8%
Nie znaleziono quizów pasujących do podanych kryteriów
Rozkład punktacji
Procent ludzi z każdym wynikiem
Percentyl według liczby udzielonych odpowiedzi
Twoja historia wyników
Nie rozwiązałeś tego quizu